000 01021cam a2200289 a 4500
001 4871099
003 ARRUPE
005 20140924163848.0
008 921215s1993 ilua 000 0 eng
010 _a 92044732
020 _a0819909602 :
_c$10.95
040 _aDLC
_cDLC
_dDLC
050 0 0 _aB765.D74
_bW57 1993
082 0 0 _a189/.4
_220
100 1 _aWolter, Allan Bernard,
_d1913-
_911590
245 1 0 _aJohn Duns Scotus :
_bMary's architect /
_cby Allan B. Wolter and Blane O'Neill.
260 _aQuincy, Ill. :
_bFranciscan Press,
_cc1993.
300 _aix, 90 p. :
_bill. ;
_c22 cm.
500 _aErrata slip inserted.
600 2 0 _aDuns Scotus, John,
_dapproximately 1266-1308.
_96822
650 0 _aPhilosophy, Medieval.
_911591
650 0 _aIndividualism.
_911592
700 1 _aO'Neill, Blane,
_d1924-
_911593
906 _a7
_bcbc
_corignew
_d1
_eocip
_f19
_gy-gencatlg
942 _2lcc
_cMONOGRAPH
999 _c120939
_d120939